ऐसी चली हवाएँ / (Record no. 34742)

MARC details
000 -LEADER
fixed length control field 01149nam a22002297a 4500
005 - DATE AND TIME OF LATEST TRANSACTION
control field 20100318113710.0
008 - FIXED-LENGTH DATA ELEMENTS--GENERAL INFORMATION
fixed length control field 100318t xxu||||| |||| 00| 0 hin d
010 ## - LCCN (DPL NO)
LC control number HIN-89151
020 ## - INTERNATIONAL STANDARD BOOK NUMBER
Terms of availability 50.00
035 ## - SYSTEM CONTROL NUMBER
System control number HN-61497
037 ## - SOURCE OF ACQUISITION
Source of stock number/acquisition DBAD / PUB
040 ## - CATALOGING SOURCE
Original cataloging agency DPL
Language of cataloging HN
082 ## - DEWEY DECIMAL CLASSIFICATION NUMBER
Classification number 821
100 ## - MAIN ENTRY--PERSONAL NAME
Personal name श्रीवास्तव, मदनलाल योगेन्द्र
9 (RLIN) 16652
245 ## - TITLE STATEMENT
Title ऐसी चली हवाएँ /
Statement of responsibility, etc मदनलाल श्रीवास्तव योगेन्द्र
246 ## - VARYING FORM OF TITLE
Title proper/short title Esee chali Hvaean/
Remainder of title by Madanlal Shreevastav 'Yogender'
260 ## - PUBLICATION, DISTRIBUTION, ETC. (IMPRINT)
Place of publication, distribution, etc आगरा
Name of publisher, distributor, etc बसन्त प्रकाशन
Date of publication, distribution, etc 2009
270 ## - ADDRESS
Address राधाकृष्ण मंदिर के सामने, सदर बाजार रोड, छावनी
City आगरा (मालवा)
Postal code 465441
300 ## - PHYSICAL DESCRIPTION
Extent 104पृ
Dimensions 22सेमी (अजिल्द)
942 ## - ADDED ENTRY ELEMENTS (KOHA)
Source of classification or shelving scheme Dewey Decimal Classification
Item type Hindi Books
Call number suffix श्रीवास्त
Holdings
Withdrawn status Lost status Source of classification or shelving scheme Damaged status Not for loan Collection code Home library Current library Date acquired Source of acquisition Cost, normal purchase price Total Checkouts Full call number Barcode Date last seen Copy number Cost, replacement price Koha item type
    Dewey Decimal Classification   Not For Loan Non-fiction D.B.Act.Division D.B.Act.Division 18/03/2010 DBAD / PUB 50.00   श्रीवास्त HN-61497 18/03/2010 1 50.00 Hindi Books

© Delhi Public Library
Hit Counter
free hit counter